000 00739nam a2200277Ia 4500
001 7698
005 20240113234029.0
007 ta
008 050711s1973 g b000 u hin u
020 _cHB
040 _aCotton College Assam
041 _ahin
082 _a891.4309
_bP 886 L
100 _aPrasad, Dineswar .
245 0 _aLok Sahitya aur Sanskriti /
_cDineswar Prasad.
_hTextual Documents
250 _a1st ed. /
260 _aAllahabad :
_bLok Bharati Prakashan ,
_c1973.
300 _a157p. ;
_c21cm.
653 _aHindi Folk Literature
653 _aFolk Literature - Hindi
653 _aHindi literature-Criticism
653 _aMS-Hindi
942 _2ddc
_cBK
999 _c7685
_d7685